000 00642nam a2200181 a 4500
001 000027929
005 20240226142655.0
008 110405s2004 dr 000 0 spa d
040 _aDO-SdBNP
_bspa
_cBNPHU
082 _axxxx
_bL817h
100 1 _aLockward Artiles, Antonio,
_d1943-
_918823
245 1 0 _aHotel cosmos /
_cAntonio Lockward Artiles ; prólogo Aída Cartagena Portalatín.
260 _aSanto Domingo :
_bEdiciones Cielonaranja,
_c2004.
300 _a144 p. ;
_c21 cm.
500 _aIncluye datos biográficos del autor en la contracubierta
700 1 _aCartagena Portalatín, Aída,
_d1918-1994
_epról.
_923557
049 _aBNPD
999 _c27421
_d27421